Retrofit Acronyms UK - Statistics

General Stats
  • This quiz has been taken 3 times
  • The average score is 7 of 10
Answer Stats
Hint Answer % Correct
CWI Cavity Wall Insulation
100%
EPC Energy Performance Certificate
100%
EWI External Wall Insulation
100%
IWI Internal Wall Insulation
100%
ECO Energy Company Obligation
67%
HUG Home Upgrade Grant
67%
ASHP Air source heat pump
33%
BUS Boiler Upgrade Scheme
33%
GSHP Ground Source Heat Pump
33%
SPV Solar Photovoltaics
33%
No matching quizzes found
Score Distribution
Percent of People with Each Score
Percentile by Number Answered
Your Score History
You have not taken this quiz